[Event "CRO-chT4 South"]
[Site "Zadar"]
[Date "2013.05.19"]
[Round "4.6"]
[White "Covic, Mario"]
[Black "Bungur, Valter"]
[Result "1-0"]
[WhiteElo "1615"]
[BlackElo "1606"]
[PlyCount "79"]
[EventDate "2013.04.28"]
[EventType "team-tourn"]
[EventRounds "7"]
[EventCountry "CRO"]
[SourceTitle "EXT 2014"]
[Source "ChessBase"]
[SourceDate "2013.11.20"]
[SourceVersion "1"]
[SourceVersionDate "2013.11.20"]
[SourceQuality "1"]
[WhiteTeam "Sinj"]
[BlackTeam "Pakostane"]
[WhiteTeamCountry "CRO"]
[BlackTeamCountry "CRO"]

1. e4 e5 2. c4 a5 3. Nc3 Bc5 4. Qf3 Nc6 5. Qd1 Nd4 6. Nf3 d6 7. Be2 c6 8. 0-0 f5 9. Nxd4 Bxd4 10. Bh5+ g6 11. Bf3 Nf6 12. d3 f4 13. Ne2 c5 14. Nxd4 cxd4 15. g3 Bh3 16. Re1 Qd7 17. gxf4 0-0-0 18. fxe5 dxe5 19. Bg5 Rdf8 20. Bh4 g5 21. Bg3 Ng4 22. Bg2 Bxg2 23. Kxg2 h5 24. h3 h4 25. Qxg4 Qxg4 26. hxg4 hxg3 27. Kxg3 Rf4 28. f3 Kc7 29. Rh1 Rg8 30. Rh6 Rf7 31. Kg2 Kd7 32. Rah1 Rgf8 33. R1h5 a4 34. Rh7 Kc6 35. R5h6+ Kc5 36. Rxf7 Rxf7 37. Rg6 b5 38. cxb5 Kxb5 39. Rxg5 Re7 40. a3 1-0